Streams of mercy #3 / Lauraine Snelling.
Available copies
- 7 of 8 copies available at LARL/NWRL Consortium. (Show)
- 7 of 7 copies available at Northwest Regional Library.
Current holds
0 current holds with 8 total copies.
View other formats and editions
Show Only Available Copies
| Location | Call Number / Copy Notes | Barcode | Shelving Location | Status | Due Date |
|---|---|---|---|---|---|
| Barb Geer Memorial LINK Site | SNE (Text) | 35500005721798 | Main | Available | - |
| Godel Memorial-Warren Library | SNE (Text) | 35500006332785 | Main | Available | - |
| Godel Memorial-Warren Library | C SNE (Text) | 35500006883696 | Main | Available | - |
| Hallock Public Library | SNE (Text) | 35500005896574 | Main | Available | - |
| Karlstad LINK Site | SNE (Text) | 35500005778335 | Main | Available | - |
| Roseau Public Library | SNE (Text) | 35500005695810 | Main | Available | - |
| Thief River Falls Public Library | SNE (Text) | 35500005778095 | Main | Available | - |
Record details
- ISBN: 9780764211065 (softcover)
- ISBN: 9780764217302 (hardcover : acid-free paper)
- ISBN: 0764217305 (hardcover : acid-free paper)
- ISBN: 0764211064 (softcover)
- Physical Description: pages ; cm.
- Publisher: Minneapolis, Minnesota : Bethany House, a division of Baker Publishing Group, [2015]
Content descriptions
| Summary, etc.: | "A recent widow from Norway settles with her ... Read More |
Search for related items by subject
| Subject: | Widows > Fiction. Mate selection > Fiction. Man-woman relationships > Fiction. Triangles (Interpersonal relations) > Fiction. |
| Genre: | Christian fiction. Love stories. |
Search for related items by series
| LDR | 02485cam a22004938i 4500 | ||
|---|---|---|---|
| 001 | 181448 | ||
| 003 | LARL_NWRL_CONSORTIUM | ||
| 005 | 20150512095925.0 | ||
| 008 | 150427s2015 mnu 000 1 eng | ||
| 010 | . | ‡a2015015379 | |
| 020 | . | ‡a9780764211065 (softcover) | |
| 020 | . | ‡a9780764217302 (hardcover : acid-free paper) | |
| 020 | . | ‡a0764217305 (hardcover : acid-free paper) | |
| 020 | . | ‡a0764211064 (softcover) | |
| 035 | . | ‡a(OCoLC)904576038 | |
| 040 | . | ‡aDLC ‡beng ‡erda ‡cDLC ‡dYDXCP ‡dBTCTA ‡dBDX ‡dOCLCO | |
| 042 | . | ‡apcc | |
| 050 | 0 | 0. | ‡aPS3569.N39 ‡bS77 2015 |
| 082 | 0 | 0. | ‡a813/.54 ‡223 |
| 100 | 1 | . | ‡aSnelling, Lauraine. ‡0(LARL_NWRL_CONSORTIUM)92303 |
| 245 | 1 | 0. | ‡aStreams of mercy ‡n#3 / ‡cLauraine Snelling. |
| 260 | . | ‡aMinneapolis, Minnesota : ‡bBethany House, a division of Baker Publishing Group, ‡c[2015] | |
| 300 | . | ‡apages ; cm. | |
| 490 | 0 | . | ‡aSong of Blessing ; ‡v3 |
| 520 | . | ‡a"A recent widow from Norway settles with her children in the early 1900s community of Blessing, North Dakota, where her growing friendships with two men in the community bring her to a challenging choice"-- ‡cProvided by publisher. | |
| 650 | 0. | ‡aWidows ‡vFiction. ‡0(LARL_NWRL_CONSORTIUM)167902 | |
| 650 | 0. | ‡aMate selection ‡vFiction. ‡0(LARL_NWRL_CONSORTIUM)166016 | |
| 650 | 0. | ‡aMan-woman relationships ‡vFiction. ‡0(LARL_NWRL_CONSORTIUM)165985 | |
| 650 | 0. | ‡aTriangles (Interpersonal relations) ‡vFiction. ‡0(LARL_NWRL_CONSORTIUM)167628 | |
| 655 | 7. | ‡aChristian fiction. ‡2gsafd | |
| 655 | 7. | ‡aLove stories. ‡2gsafd | |
| 948 | . | ‡hNO HOLDINGS IN LAL - 4 OTHER HOLDINGS | |
| 994 | . | ‡aZ0 ‡bLAL | |
| 901 | . | ‡a181448 ‡bOCLC ‡c181448 ‡tbiblio | |

Add to basket
Permalink
Enable Highlighting